Statistics for Currencies named Dinar Countries

Click here to take the quiz!

General Stats

  • This quiz has been taken 96 times
    (59 since last reset)
  • The average score is 7 of 9

Answer Stats

DinarCountry% Correct
IQDIraq
95%
JODJordan
93%
KWDKuwait
93%
BHDBahrain
91%
LYDLibya
84%
DZDAlgeria
71%
TNDTunisia
66%
MKDNorth Macedonia
53%
RSDSerbia
50%

Score Distribution

Percentile by Number Answered

Percent of People with Each Score

Your Score History

You have not taken this quiz since the last reset